000 01445nam a2200337 a 4500
999 _c455712
_d455712
003 BLK
005 20231220160649.0
008 180412b bul|||||r ||||||| ||bul||
020 _a9786197547849
040 _aBLK
041 _aBUL
_cBUL
080 _aОбща история на философията
_b101(091)
_x123
_z101(091)123
080 _aЛатинска (римска) литература
_b821.124
_x-96
_z821.124-96
100 1 _aСенека, Луций Аней
_eпърви автор
_9119705
139 _aСенека, Луций Аней
_bС 33
240 _aAd Lucilium epistulae morales
245 1 0 _aНравствени писма до Луцилий
_cЛуций Аней Сенека; прев. Райка Николова.
250 _a2. съкр. изд.
257 _aBGR
260 _aБургас
_bХеликон
_c2020
_9212075
_fКостинброд : Мултипринт
_n978-954-2984- ; 954-9786- ; 954-8197-
300 _a575 с.
_c22 см
380 _a1
500 _aОриг. загл., установено от доп. източник: Ad Lucilium epistulae morales 1. изд. 2020 г., в 4 тома
650 7 _9175490
_aФилософия
653 7 _9192460
_aнравственост
653 7 _9193794
_aписма
700 _aНиколова, Райка Владимирова
_eпрев.
_9966
852 _aЦб 312753
_bЦб
942 _cKNG
_n0
_s1
944 _k30560
_lГеновева Генчева